| 000 | 01230pam a2200373 a 4500 | ||
|---|---|---|---|
| 001 | 013746336 | ||
| 003 | EG-ScBUE | ||
| 005 | 20220530105100.0 | ||
| 008 | 070514t2008 enka f b 001 0 eng d | ||
| 020 | _a1403994838 (pbk.) | ||
| 020 | _a9781403994837 (pbk.) | ||
| 035 | _a(UkOxU)UkOxUb16684591 | ||
| 040 |
_aStDuBDS _beng _erda _cStDuBDS _dUkCU _dUk _dEG-ScBUE |
||
| 082 | 0 | 4 |
_a428 _222 _bTHR |
| 100 | 1 |
_aThorne, Sara, _eauthor. _934128 |
|
| 245 | 1 | 0 |
_aMastering advanced English language / _cSara Thorne. |
| 246 | 3 | 0 | _aAdvanced English language |
| 250 | _aSecond edition. | ||
| 264 | 1 |
_aHampshire ; _aNew York : _bPalgrave Macmillan, _c[2008] |
|
| 264 | 4 | _cc2008 | |
| 300 |
_axiv, 634 pages : _billustrations ; _c24 cm. |
||
| 336 |
_2rdacontent _atext _btxt |
||
| 337 |
_2rdamedia _aunmediated _bn |
||
| 338 |
_2rdacarrier _avolume _bnc |
||
| 490 | 0 | _aPalgrave master series | |
| 500 | _aPrevious ed.: Basingstoke: Macmillan, 1997. | ||
| 504 | _aIncludes bibliographical references and index. | ||
| 650 | 7 |
_aEnglish language _xUsage. _2BUEsh _934129 |
|
| 651 | _2BUEsh | ||
| 653 |
_cOctober2013 _bHHUUEENN |
||
| 655 |
_vReading book _934232 |
||
| 942 |
_2ddc _cBB |
||
| 999 |
_c17656 _d17628 |
||